[Event "Campeonato de Euskadi 2009 - C"]
[Site "Eibar (Gipuzkoa - Spain) "]
[Date "2009.??.??"]
[Round "1.1"]
[White "Diaz Herrero, Alvaro"]
[Black "Zabala Perez, Aritz"]
[Result "1-0"]
[WhiteElo "2121"]
[BlackElo "1883"]
[PlyCount "51"]
[EventDate "2009.04.14"]

1. e4 e5 2. Nf3 Nc6 3. Nc3 Nf6 4. d4 exd4 5. Nd5 Be7 6. Bf4 d6 7. Nxd4 O-O 8.
Nb5 Nxd5 9. exd5 Ne5 10. Qd2 a6 11. Nd4 Bf6 12. O-O-O b5 13. f3 Re8 14. Be2 Bb7
15. Nf5 Ng6 16. Bg3 Bxd5 17. Qxd5 Rxe2 18. Qd3 Re8 19. h4 Ne5 20. Qd5 Qd7 21.
Nd4 Nc4 22. Bf4 c5 23. Nb3 Bxb2+ 24. Kb1 Be5 25. Bxe5 Rxe5 26. Qxa8+ 1-0

[Event "Campeonato de Euskadi 2009 - C"]
[Site "Eibar (Gipuzkoa - Spain) "]
[Date "2009.??.??"]
[Round "1.2"]
[White "Idiazabal Troyas, Aritz"]
[Black "Olmo Vega, Diego"]
[Result "0-1"]
[WhiteElo "1838"]
[BlackElo "1992"]
[PlyCount "50"]
[EventDate "2009.04.14"]

1. e4 c5 2. d4 cxd4 3. c3 dxc3 4. Nxc3 Nc6 5. Bc4 d6 6. Nf3 e6 7. O-O Nf6 8.
Qe2 Be7 9. Rd1 e5 10. h3 Be6 11. Bb5 Nd7 12. b3 O-O 13. Bxc6 bxc6 14. Ba3 Qa5
15. Qb2 c5 16. b4 Qb6 17. Na4 Qb5 18. Nc3 Qb7 19. Rab1 Rab8 20. Qe2 Qc6 21. Nd5
Bxd5 22. exd5 Qa4 23. Qb2 cxb4 24. Bxb4 a5 25. Qa3 Rxb4 0-1

[Event "Campeonato de Euskadi 2009 - C"]
[Site "Eibar (Gipuzkoa - Spain) "]
[Date "2009.??.??"]
[Round "1.3"]
[White "Sanz Rodero, Mikel"]
[Black "Olabe Odriozola, Eduardo"]
[Result "1-0"]
[WhiteElo "1961"]
[BlackElo "1738"]
[PlyCount "98"]
[EventDate "2009.04.14"]

1. d4 d5 2. Nf3 Nf6 3. e3 e6 4. Bd3 Be7 5. O-O O-O 6. Nbd2 b6 7. e4 dxe4 8.
Nxe4 Bb7 9. Qe2 Nbd7 10. Rd1 Nxe4 11. Bxe4 Bxe4 12. Qxe4 Nf6 13. Qe2 c6 14. Bf4
Bd6 15. Bg5 h6 16. Bh4 Be7 17. c4 Qc7 18. Ne5 Rfd8 19. Qf3 Rac8 20. Qe2 c5 21.
dxc5 Qxc5 22. Bxf6 Bxf6 23. Nd7 Qe7 24. Nxf6+ Qxf6 25. b3 Rxd1+ 26. Rxd1 Rd8
27. h3 Rd4 28. Rxd4 Qxd4 29. Qc2 f5 30. b4 g6 31. c5 Qxb4 32. c6 Qe1+ 33. Kh2
Qe5+ 34. g3 Qc7 35. h4 Kf7 36. Qc3 e5 37. Qc1 Kf6 38. Qxh6 Qxc6 39. h5 Qe8 40.
Kh3 e4 41. Kh4 Qf7 42. Qh8+ Ke6 43. Qc8+ Kf6 44. Qc3+ Ke6 45. Qc6+ Ke5 46. Qxg6
Qxa2 47. Qg7+ Kd6 48. Qf6+ Kc7 49. Qxf5 Qd2 1-0

[Event "Campeonato de Euskadi 2009 - C"]
[Site "Eibar (Gipuzkoa - Spain) "]
[Date "2009.??.??"]
[Round "1.4"]
[White "Cañon Iturrieta, Alberto"]
[Black "Etxagibel Larrañaga, Asier"]
[Result "0-1"]
[WhiteElo "1624"]
[BlackElo "1904"]
[PlyCount "28"]
[EventDate "2009.04.14"]

1. e4 c5 2. Nf3 e6 3. Nc3 a6 4. d4 cxd4 5. Nxd4 Qc7 6. Bd3 Nf6 7. Bg5 Be7 8.
Qd2 d6 9. f4 Nbd7 10. O-O-O h6 11. Bh4 Nxe4 12. Bxe4 Bxh4 13. g3 Be7 14. f5 Bg5
0-1

[Event "Campeonato de Euskadi 2009 - C"]
[Site "Eibar (Gipuzkoa - Spain) "]
[Date "2009.??.??"]
[Round "1.5"]
[White "Orive Miguel, David"]
[Black "Saiz Lopez, Laura"]
[Result "1-0"]
[WhiteElo "1896"]
[BlackElo "1403"]
[PlyCount "75"]
[EventDate "2009.04.14"]

1. e4 d5 2. Nc3 d4 3. Nce2 e5 4. d3 Nc6 5. g3 Nf6 6. Bg2 Be6 7. f4 Qd6 8. Nf3
O-O-O 9. fxe5 Nxe5 10. Nfxd4 Bg4 11. Be3 Qb4+ 12. Qd2 Qxb2 13. O-O Bxe2 14.
Nxe2 Nc4 15. Qc1 Qxc1 16. Bxc1 Bc5+ 17. Kh1 Ne5 18. h3 h5 19. Bg5 Rd6 20. Bf4
Nfg4 21. d4 Rxd4 22. Nxd4 Bxd4 23. Bxe5 Nxe5 24. Rad1 Bb6 25. Bf3 f6 26. Be2
Be3 27. h4 Bb6 28. Rf5 Ng4 29. Bxg4 hxg4 30. Kg2 Be3 31. e5 Rf8 32. exf6 Rxf6
33. Rxf6 gxf6 34. Rf1 Bd4 35. Rf4 Bc5 36. Rxg4 b5 37. h5 Kd7 38. h6 1-0

[Event "Campeonato de Euskadi 2009 - C"]
[Site "Eibar (Gipuzkoa - Spain) "]
[Date "2009.04.15"]
[Round "2.1"]
[White "Etxagibel Larrañaga, Asier"]
[Black "Diaz Herrero, Alvaro"]
[Result "0-1"]
[WhiteElo "1904"]
[BlackElo "2121"]
[PlyCount "60"]
[EventDate "2009.04.14"]

1. Nf3 c5 2. c4 Nc6 3. Nc3 e5 4. d3 g6 5. g3 Bg7 6. Bg2 Nge7 7. O-O O-O 8. Rb1
d6 9. a3 a5 10. Bd2 Rb8 11. Ne1 Be6 12. Nd5 b5 13. cxb5 Rxb5 14. Nc3 Rb8 15. e3
d5 16. Na4 Qd6 17. Qc2 c4 18. dxc4 Bf5 19. e4 dxe4 20. Be3 Nd4 21. Qd1 Qe6 22.
Nc2 Bg4 23. Qd2 Nf3+ 24. Bxf3 Bxf3 25. b3 Qh3 26. Ne1 Nf5 27. Nc5 Nh4 28. Bg5
Ng2 29. Nc2 h6 30. Be3 Nf4 0-1

[Event "Campeonato de Euskadi 2009 - C"]
[Site "Eibar (Gipuzkoa - Spain) "]
[Date "2009.04.15"]
[Round "2.2"]
[White "Olmo Vega, Diego"]
[Black "Orive Miguel, David"]
[Result "1-0"]
[WhiteElo "1992"]
[BlackElo "1896"]
[PlyCount "103"]
[EventDate "2009.04.15"]

1. e4 c5 2. Nf3 e6 3. d4 cxd4 4. Nxd4 Nc6 5. Nc3 Qc7 6. Be2 a6 7. O-O Nf6 8.
Be3 Bb4 9. Na4 Be7 10. Nxc6 bxc6 11. Qd4 O-O 12. c4 e5 13. Qd3 d6 14. h3 Rb8
15. b3 Nd7 16. c5 Nxc5 17. Nxc5 dxc5 18. Qc3 Rd8 19. Rfd1 Rxd1+ 20. Rxd1 Bb7
21. Bxc5 Rd8 22. Rxd8+ Qxd8 23. Bxe7 Qxe7 24. Qa5 g6 25. Bxa6 Bxa6 26. Qxa6 Qd6
27. Qe2 Qa3 28. Qc2 c5 29. g3 Kg7 30. h4 h5 31. Kg2 Kf6 32. Qd2 Kg7 33. Kf1 Kf6
34. Qd6+ Kg7 35. Qxe5+ Kh7 36. Qa1 Qa6+ 37. Kg2 Qe2 38. Qb1 c4 39. bxc4 Qxc4
40. a3 Qc6 41. Kg1 Qc3 42. Qb4 Qa1+ 43. Kg2 Qe5 44. a4 f5 45. Qb7+ Kh6 46. exf5
Qxf5 47. Qa8 Qf6 48. a5 Qe5 49. a6 g5 50. Qc6+ Kg7 51. Qb7+ Kh6 52. hxg5+ 1-0

[Event "Campeonato de Euskadi 2009 - C"]
[Site "Eibar (Gipuzkoa - Spain) "]
[Date "2009.04.15"]
[Round "2.5"]
[White "Marchena Hurtado, Ander"]
[Black "Cañon Iturrieta, Alberto"]
[Result "1-0"]
[WhiteElo "1893"]
[BlackElo "1624"]
[PlyCount "47"]
[EventDate "2009.04.14"]

1. e4 e6 2. d4 d5 3. Nd2 dxe4 4. Nxe4 b6 5. Nf3 Bb7 6. Bd3 Nd7 7. Qe2 Rb8 8.
O-O Qc8 9. Ne5 Bd6 10. Nxf7 Kxf7 11. Ng5+ Ke8 12. Qh5+ g6 13. Bxg6+ Ke7 14. Qh6
Bd5 15. Nf7 hxg6 16. Nxh8 Qe8 17. Qh7+ Kd8 18. Nf7+ Kc8 19. Qxg6 Kb7 20. Nxd6+
cxd6 21. Qd3 Ngf6 22. Bf4 Qe7 23. a4 Rc8 24. b3 1-0

[Event "Campeonato de Euskadi 2009 - C"]
[Site "Eibar (Gipuzkoa - Spain) "]
[Date "2009.04.15"]
[Round "2.6"]
[White "Olabe Odriozola, Eduardo"]
[Black "Idiazabal Troyas, Aritz"]
[Result "0-1"]
[WhiteElo "1738"]
[BlackElo "1838"]
[PlyCount "89"]
[EventDate "2009.04.15"]

1. e4 c5 2. Nf3 Nc6 3. d4 cxd4 4. Nxd4 g6 5. Be3 Bg7 6. Nc3 Nf6 7. Bc4 Qa5 8.
f3 Qb4 9. Nxc6 Qxb2 10. Bd4 bxc6 11. Nd5 Qb8 12. Rb1 Bb7 13. Nxf6+ exf6 14. Ba6
Qc7 15. Bxb7 Rb8 16. Bxa7 Qa5+ 17. Qd2 Qxa7 18. Qb4 Kd8 19. Ke2 Kc7 20. Rhd1
Rxb7 21. Qxb7+ Qxb7 22. Rxb7+ Kxb7 23. Rxd7+ Kb6 24. Rxf7 Bh6 25. Rxf6 Rd8 26.
f4 Rd7 27. g4 Re7 28. Ke3 Kc5 29. e5 Rxe5+ 30. Kf3 Re7 31. f5 Bg5 32. Rf8 Re3+
33. Kf2 Rc3 34. Rh8 Rxc2+ 35. Kg3 Rc3+ 36. Kg2 gxf5 37. gxf5 Rc4 38. Kg3 Rf4
39. Rf8 Ra4 40. f6 Rxa2 41. f7 Ra7 42. h4 Bf6 43. Kg4 Bg7 44. Rg8 Rxf7 45. Kh5
0-1

[Event "Campeonato de Euskadi 2009 - C"]
[Site "Eibar (Gipuzkoa - Spain) "]
[Date "2009.04.16"]
[Round "3.1"]
[White "Diaz Herrero, Alvaro"]
[Black "Olmo Vega, Diego"]
[Result "1-0"]
[WhiteElo "2121"]
[BlackElo "1992"]
[PlyCount "57"]
[EventDate "2009.04.16"]

1. e4 c5 2. Ne2 d6 3. d4 cxd4 4. Nxd4 Nf6 5. Nc3 g6 6. Be3 Bg7 7. f3 O-O 8. Qd2
Nc6 9. O-O-O d5 10. Kb1 Nxd4 11. e5 Nc6 12. exf6 Bxf6 13. Nxd5 Bg7 14. Qe1 e6
15. Nb4 Qc7 16. Nxc6 Qxc6 17. Qd2 Bf6 18. h4 Rd8 19. Bd3 e5 20. Qf2 h5 21. Bg5
Bxg5 22. hxg5 Be6 23. g4 e4 24. Bxe4 Rxd1+ 25. Rxd1 Qa6 26. b3 Qa5 27. gxh5 f5
28. gxf6 Qxh5 29. Bxg6 1-0

[Event "Campeonato de Euskadi 2009 - C"]
[Site "Eibar (Gipuzkoa - Spain) "]
[Date "2009.04.16"]
[Round "3.2"]
[White "Sanz Rodero, Mikel"]
[Black "Etxagibel Larrañaga, Asier"]
[Result "1-0"]
[WhiteElo "1961"]
[BlackElo "1904"]
[PlyCount "35"]
[EventDate "2009.04.16"]

1. e4 c5 2. Ne2 e6 3. Nbc3 Nc6 4. d4 cxd4 5. Nxd4 a6 6. Nxc6 dxc6 7. Qxd8+ Kxd8
8. Be3 Nf6 9. O-O-O+ Nd7 10. e5 Ke8 11. f4 f5 12. exf6 Nxf6 13. Bd4 Bd6 14. g3
Ke7 15. Na4 Rd8 16. Bh3 Kf7 17. Bb6 Rd7 18. Rhe1 1-0

[Event "Campeonato de Euskadi 2009 - C"]
[Site "Eibar (Gipuzkoa - Spain) "]
[Date "2009.04.16"]
[Round "3.3"]
[White "Orive Miguel, David"]
[Black "Zabala Perez, Aritz"]
[Result "1-0"]
[WhiteElo "1896"]
[BlackElo "1883"]
[PlyCount "53"]
[EventDate "2009.04.16"]

1. e4 e5 2. Nf3 Nc6 3. Bb5 Nf6 4. Qe2 d6 5. O-O Be7 6. c3 O-O 7. h3 a6 8. Ba4
b5 9. Bb3 Na5 10. Bc2 c5 11. d4 Qc7 12. d5 Ne8 13. Nbd2 f5 14. exf5 Bxf5 15.
Bxf5 Rxf5 16. b3 c4 17. b4 Nb7 18. a4 Qc8 19. Ne4 Nf6 20. Nxf6+ Rxf6 21. Bg5
Rf7 22. Bxe7 Rxe7 23. Nd4 Nd8 24. axb5 Rea7 25. Nc6 Rc7 26. Nxd8 Qxd8 27. bxa6
1-0

[Event "Campeonato de Euskadi 2009 - C"]
[Site "Eibar (Gipuzkoa - Spain) "]
[Date "2009.04.16"]
[Round "3.4"]
[White "Saiz Lopez, Laura"]
[Black "Marchena Hurtado, Ander"]
[Result "0-1"]
[WhiteElo "1403"]
[BlackElo "1893"]
[PlyCount "56"]
[EventDate "2009.04.16"]

1. d4 d5 2. Nc3 Nf6 3. Bg5 h6 4. Bh4 Bf5 5. e3 e6 6. Bd3 Bxd3 7. Qxd3 c6 8. e4
Be7 9. e5 Nfd7 10. Bxe7 Qxe7 11. Nge2 a6 12. f4 g6 13. g4 Qh4+ 14. Qg3 Qxg3+
15. Nxg3 c5 16. Nge2 Nc6 17. O-O-O b6 18. dxc5 Nxc5 19. b4 Nxb4 20. Nd4 Rc8 21.
g5 Kd7 22. Rhg1 Rhg8 23. f5 Ncd3+ 24. Rxd3 Nxd3+ 25. cxd3 Rxc3+ 26. Kd2 Rgc8
27. h4 Ra3 28. Ra1 Rcc3 0-1

[Event "Campeonato de Euskadi 2009 - C"]
[Site "Eibar (Gipuzkoa - Spain) "]
[Date "2009.04.16"]
[Round "3.6"]
[White "Idiazabal Troyas, Aritz"]
[Black "Cañon Iturrieta, Alberto"]
[Result "0-1"]
[WhiteElo "1838"]
[BlackElo "1624"]
[PlyCount "69"]
[EventDate "2009.04.16"]

1. e4 e6 2. b3 d5 3. Bb2 dxe4 4. Nc3 Nf6 5. Qe2 Bb4 6. O-O-O Qd4 7. Qb5+ Nc6 8.
Qg5 O-O 9. Nb5 Qxf2 10. Nxc7 Rb8 11. Nh3 h6 12. Qxg7+ Kxg7 13. Nxf2 Kg6 14. Nb5
Bc5 15. Bxf6 Bxf2 16. Bb2 Rd8 17. Nc3 e3 18. Bd3+ f5 19. Ne2 Nb4 20. Nf4+ Kf7
21. Be2 Bd7 22. Bh5+ Kg8 23. Ng6 Be8 24. Bf6 Bxg6 25. Bxg6 Rbc8 26. Kb2 Rxc2+
27. Ka3 a5 28. Bb2 e2 29. Rb1 b5 30. Bh5 Rcxd2 31. Rbc1 e1=Q 32. Rhxe1 Bxe1 33.
Rc7 Nc2+ 34. Rxc2 Rxc2 35. Bf6 0-1

[Event "Campeonato de Euskadi 2009 - C"]
[Site "Eibar (Gipuzkoa - Spain) "]
[Date "2009.04.16"]
[Round "4.1"]
[White "Sanz Rodero, Mikel"]
[Black "Diaz Herrero, Alvaro"]
[Result "0-1"]
[WhiteElo "1961"]
[BlackElo "2121"]
[PlyCount "52"]
[EventDate "2009.04.16"]

1. e4 c5 2. Nf3 d6 3. d4 Nf6 4. Nc3 cxd4 5. Nxd4 g6 6. Be3 Bg7 7. f3 O-O 8. Bc4
Nc6 9. Qd2 Bd7 10. O-O-O Qc7 11. Bb3 Na5 12. h4 Rfc8 13. h5 Nxb3+ 14. Nxb3 Qc4
15. hxg6 fxg6 16. Bh6 Bh8 17. Bg5 Be6 18. Kb1 b5 19. Rh4 Qc7 20. Rdh1 b4 21.
Nd5 Nxd5 22. exd5 Bf5 23. Nd4 b3 24. Rxh7 Be5 25. f4 Bxd4 26. Qxd4 Qxc2+ 0-1

[Event "Campeonato de Euskadi 2009 - C"]
[Site "Eibar (Gipuzkoa - Spain) "]
[Date "2009.04.16"]
[Round "4.3"]
[White "Marchena Hurtado, Ander"]
[Black "Orive Miguel, David"]
[Result "1/2-1/2"]
[WhiteElo "1893"]
[BlackElo "1896"]
[PlyCount "90"]
[EventDate "2009.04.16"]

1. e4 c5 2. Nc3 Nc6 3. g3 d6 4. Bg2 g6 5. d3 Bg7 6. f4 e6 7. Nf3 Nge7 8. O-O
O-O 9. Be3 Nd4 10. e5 Nef5 11. Bf2 Nxf3+ 12. Qxf3 Nd4 13. Qd1 dxe5 14. fxe5
Bxe5 15. Ne4 f5 16. Nxc5 Qd6 17. Na4 Rb8 18. c3 Nb5 19. Bc5 Qd8 20. Bxf8 Qxf8
21. d4 Bg7 22. Nc5 b6 23. Nd3 Bb7 24. Qb3 Nc7 25. Bxb7 Rxb7 26. Nf4 Qd6 27.
Rae1 Kf7 28. Re2 Bh6 29. Re5 Bxf4 30. Rxf4 Nd5 31. Rf1 Nf6 32. Rfe1 Re7 33. Qd1
Ne4 34. R5xe4 fxe4 35. Qe2 Qd5 36. Qxe4 Qxa2 37. Rf1+ Ke8 38. Qc6+ Rd7 39. Qc8+
Rd8 40. Qc7 Rd7 41. Qf4 Re7 42. Qb8+ Kd7 43. Rf8 Kc6 44. Rc8+ Kb5 45. Qe5+ Ka6
1/2-1/2

[Event "Campeonato de Euskadi 2009 - C"]
[Site "Eibar (Gipuzkoa - Spain) "]
[Date "2009.04.16"]
[Round "4.4"]
[White "Etxagibel Larrañaga, Asier"]
[Black "Olabe Odriozola, Eduardo"]
[Result "1/2-1/2"]
[WhiteElo "1904"]
[BlackElo "1738"]
[PlyCount "70"]
[EventDate "2009.04.16"]

1. d4 d5 2. Nf3 Nf6 3. c4 e6 4. g3 Be7 5. Bg2 O-O 6. O-O c6 7. Nc3 Nbd7 8. Qc2
dxc4 9. Rd1 Qc7 10. e4 Nb6 11. Bf4 Qd8 12. Ne5 Re8 13. Ne2 Bf8 14. Nxc4 Nxc4
15. Qxc4 Bd7 16. Qb3 b6 17. Nc3 Qe7 18. a3 Rac8 19. Rac1 Red8 20. h3 Be8 21. g4
Qb7 22. Bg3 Qa6 23. Bh4 Be7 24. d5 Nxd5 25. exd5 Bxh4 26. dxe6 Bg5 27. Rb1 Qb7
28. Ne4 Bf4 29. Qf3 Qc7 30. exf7+ Bxf7 31. Nc3 Re8 32. Re1 Rxe1+ 33. Rxe1 Be5
34. Rc1 Bxc3 35. Qxc3 c5 1/2-1/2

[Event "Campeonato de Euskadi 2009 - C"]
[Site "Eibar (Gipuzkoa - Spain) "]
[Date "2009.04.16"]
[Round "4.5"]
[White "Zabala Perez, Aritz"]
[Black "Saiz Lopez, Laura"]
[Result "1-0"]
[WhiteElo "1883"]
[BlackElo "1403"]
[PlyCount "80"]
[EventDate "2009.04.16"]

1. Nf3 e6 2. d4 d5 3. g3 Nf6 4. Bg2 Nc6 5. O-O Bd6 6. c3 e5 7. dxe5 Nxe5 8. Qb3
O-O 9. Bg5 c6 10. Nbd2 Rb8 11. e4 Be6 12. Nd4 Bc5 13. Bxf6 Qxf6 14. exd5 cxd5
15. Bxd5 Bxd5 16. Qxd5 Bxd4 17. cxd4 Nc6 18. Nb3 Rfd8 19. Qb5 Nxd4 20. Nxd4
Rxd4 21. Rad1 Rdd8 22. Qa5 a6 23. Rfe1 g6 24. Qb4 b6 25. Rc1 Rb7 26. Re2 Qd4
27. Qa3 a5 28. Qf3 Qd5 29. Qf6 Qd4 30. Qc6 Qd5 31. Re3 Qxc6 32. Rxc6 Rd2 33.
Rb3 b5 34. Ra6 a4 35. Rxa4 bxa4 36. Rxb7 a3 37. bxa3 Rxa2 38. Rb3 Kg7 39. h4
Kh6 40. Kg2 Kg7 1-0

[Event "Campeonato de Euskadi 2009 - C"]
[Site "Eibar (Gipuzkoa - Spain) "]
[Date "2009.04.17"]
[Round "5.1"]
[White "Diaz Herrero, Alvaro"]
[Black "Marchena Hurtado, Ander"]
[Result "1-0"]
[WhiteElo "2121"]
[BlackElo "1893"]
[PlyCount "55"]
[EventDate "2009.04.17"]

1. e4 c6 2. d4 d5 3. Nd2 dxe4 4. Nxe4 Nf6 5. Nxf6+ gxf6 6. g3 Bf5 7. Bg2 e6 8.
c3 Nd7 9. Nf3 Bd6 10. O-O Qc7 11. Re1 O-O-O 12. b4 Bg4 13. Qb3 Bxf3 14. Bxf3 h5
15. c4 h4 16. Bg2 hxg3 17. hxg3 Bf8 18. d5 exd5 19. cxd5 c5 20. bxc5 Nxc5 21.
Qf3 Be7 22. Be3 Kb8 23. Rab1 Rd7 24. Bxc5 Bxc5 25. d6 Bxd6 26. Rec1 Bc5 27. Qf5
Qc8 28. Rb5 1-0

[Event "Campeonato de Euskadi 2009 - C"]
[Site "Eibar (Gipuzkoa - Spain) "]
[Date "2009.04.17"]
[Round "5.2"]
[White "Olmo Vega, Diego"]
[Black "Sanz Rodero, Mikel"]
[Result "0-1"]
[WhiteElo "1992"]
[BlackElo "1961"]
[PlyCount "72"]
[EventDate "2009.04.17"]

1. e4 c5 2. Nf3 d6 3. d4 cxd4 4. Nxd4 Nf6 5. Nc3 g6 6. Be3 Bg7 7. f3 O-O 8. Qd2
Nc6 9. Bc4 Bd7 10. O-O-O Rc8 11. Bb3 Nxd4 12. Bxd4 b5 13. Kb1 a5 14. a4 bxa4
15. Nxa4 Bxa4 16. Bxa4 Rc4 17. Bb3 Nxe4 18. Qe3 Rxd4 19. Rxd4 Bxd4 20. Qxd4 Nc5
21. Bc4 Qb6 22. Re1 e6 23. Qf6 Qb4 24. Qc3 Qxc3 25. bxc3 Na4 26. Re3 Rc8 27.
Bb3 Nxc3+ 28. Kc1 a4 29. Rxc3 Rxc3 30. Bxa4 d5 31. Kd2 Rc7 32. Ke3 f6 33. Bb3
Kf7 34. Kd4 Ke7 35. c4 dxc4 36. Bxc4 Kd6 0-1

[Event "Campeonato de Euskadi 2009 - C"]
[Site "Eibar (Gipuzkoa - Spain) "]
[Date "2009.04.17"]
[Round "5.3"]
[White "Orive Miguel, David"]
[Black "Idiazabal Troyas, Aritz"]
[Result "1-0"]
[WhiteElo "1896"]
[BlackElo "1838"]
[PlyCount "49"]
[EventDate "2009.04.17"]

1. e4 c5 2. Nf3 Nc6 3. d4 cxd4 4. Nxd4 g6 5. Nc3 Bg7 6. Be3 Nf6 7. Bc4 Qa5 8.
O-O O-O 9. Bb3 d6 10. h3 Bd7 11. f4 Nxd4 12. Bxd4 Bc6 13. Re1 Rfd8 14. Bd5 e5
15. Be3 Nxd5 16. exd5 Bd7 17. Kh1 exf4 18. Bd4 Bxd4 19. Qxd4 f3 20. gxf3 Bxh3
21. Ne4 f6 22. Nxf6+ Kf7 23. Nxh7 Bf5 24. Qf6+ Kg8 25. Re7 1-0

[Event "Campeonato de Euskadi 2009 - C"]
[Site "Eibar (Gipuzkoa - Spain) "]
[Date "2009.04.17"]
[Round "5.4"]
[White "Cañon Iturrieta, Alberto"]
[Black "Zabala Perez, Aritz"]
[Result "0-1"]
[WhiteElo "1624"]
[BlackElo "1883"]
[PlyCount "74"]
[EventDate "2009.04.17"]

1. e4 e5 2. Nf3 Nc6 3. Bc4 Nf6 4. d3 Be7 5. Nc3 d6 6. Ng5 O-O 7. f4 Nd4 8. h3
c6 9. Nf3 a5 10. a4 d5 11. exd5 cxd5 12. Ba2 Nxf3+ 13. Qxf3 e4 14. Qd1 exd3 15.
Qxd3 Bc5 16. Bd2 Re8+ 17. Ne2 Ne4 18. Rf1 Qh4+ 19. Kd1 Nf2+ 20. Rxf2 Qxf2 21.
Bxd5 Bf5 22. Bxf7+ Kh8 23. Qf3 Bxc2+ 24. Kxc2 Rxe2 25. Qxf2 Rxf2 26. Rd1 Bb4
27. Kc1 Rc8+ 28. Bc3 Bxc3 29. bxc3 Rxc3+ 30. Kb1 g6 31. Bd5 Rxf4 32. Kb2 Rg3
33. Bf3 Rgxf3 34. gxf3 Rxa4 35. Rd8+ Kg7 36. Rd7+ Kh6 37. Rxb7 Rb4+ 0-1

[Event "Campeonato de Euskadi 2009 - C"]
[Site "Eibar (Gipuzkoa - Spain) "]
[Date "2009.04.18"]
[Round "6.1"]
[White "Orive Miguel, David"]
[Black "Diaz Herrero, Alvaro"]
[Result "0-1"]
[WhiteElo "1896"]
[BlackElo "2121"]
[PlyCount "98"]
[EventDate "2009.04.14"]

1. e4 c5 2. Nf3 e6 3. d4 cxd4 4. Nxd4 a6 5. Nc3 b5 6. g3 Bb7 7. Bg2 Nf6 8. Bg5
Be7 9. a3 Qc7 10. O-O Nc6 11. Re1 d6 12. Nxc6 Bxc6 13. Qe2 O-O 14. Rad1 Rfd8
15. Bf4 Qb7 16. g4 a5 17. h3 b4 18. axb4 axb4 19. Nd5 exd5 20. exd5 Nxd5 21.
Bxd5 Bxd5 22. Qxe7 Qc6 23. Qh4 Bf3 24. Rd2 Re8 25. Be3 Ra2 26. Qg3 Re6 27. Rb1
h6 28. Bd4 Qe4 29. Be3 b3 30. Rxd6 Rxd6 31. Qxd6 bxc2 32. Rc1 Rxb2 33. Qd4 Qb7
34. Qd6 Be4 35. Qf4 Bg6 36. Qd6 Kh7 37. Qf4 Rb4 38. Qd6 Qe4 39. Qg3 f6 40. Qg2
Qe5 41. Qh2 Qd5 42. Qg3 Rb3 43. Kh2 Rd3 44. Qf4 Rd1 45. f3 Qb5 46. Kg2 Qf1+ 47.
Kg3 Bd3 48. Kh2 Qh1+ 49. Kg3 Rxc1 0-1

[Event "Campeonato de Euskadi 2009 - C"]
[Site "Eibar (Gipuzkoa - Spain) "]
[Date "2009.04.18"]
[Round "6.2"]
[White "Zabala Perez, Aritz"]
[Black "Sanz Rodero, Mikel"]
[Result "0-1"]
[WhiteElo "1883"]
[BlackElo "1961"]
[PlyCount "48"]
[EventDate "2009.04.18"]

1. Nf3 c5 2. c3 Nf6 3. d4 e6 4. g3 b6 5. Bg2 Bb7 6. O-O Be7 7. Nbd2 O-O 8. Re1
d5 9. Ne5 Nc6 10. Nxc6 Bxc6 11. e4 cxd4 12. cxd4 dxe4 13. Nxe4 Nxe4 14. Bxe4
Bxe4 15. Rxe4 Bf6 16. Bf4 Qd5 17. Qe2 Rac8 18. Be5 Bxe5 19. dxe5 Rfd8 20. Re1
Qxa2 21. Qh5 Qxb2 22. Rh4 h6 23. Ree4 Rc1+ 24. Kg2 Qb5 0-1

[Event "Campeonato de Euskadi 2009 - C"]
[Site "Eibar (Gipuzkoa - Spain) "]
[Date "2009.04.18"]
[Round "6.3"]
[White "Etxagibel Larrañaga, Asier"]
[Black "Olmo Vega, Diego"]
[Result "1-0"]
[WhiteElo "1904"]
[BlackElo "1992"]
[PlyCount "57"]
[EventDate "2009.04.14"]

1. d4 g6 2. Nf3 Nf6 3. g3 Bg7 4. Bg2 O-O 5. O-O d6 6. c4 Nc6 7. Nc3 e5 8. d5
Ne7 9. e4 Nd7 10. Be3 f5 11. b4 h6 12. Ne1 f4 13. Bd2 g5 14. g4 f3 15. Bxf3 Ng6
16. Bg2 h5 17. h3 Nf4 18. f3 Kf7 19. Be3 Rh8 20. Bf2 hxg4 21. hxg4 Nh3+ 22.
Bxh3 Rxh3 23. Kg2 Qh8 24. Bg3 Nf6 25. Nd3 Nh5 26. gxh5 Qxh5 27. Nf2 Rxg3+ 28.
Kxg3 Qh4+ 29. Kg2 1-0

[Event "Campeonato de Euskadi 2009 - C"]
[Site "Eibar (Gipuzkoa - Spain) "]
[Date "2009.04.18"]
[Round "6.4"]
[White "Marchena Hurtado, Ander"]
[Black "Olabe Odriozola, Eduardo"]
[Result "0-1"]
[WhiteElo "1893"]
[BlackElo "1738"]
[PlyCount "71"]
[EventDate "2009.04.14"]

1. e4 e5 2. Nf3 d6 3. d4 exd4 4. Nxd4 Be7 5. Be2 Nf6 6. Nc3 O-O 7. O-O Re8 8.
Bf4 c6 9. Qd2 b5 10. a3 a5 11. Rfd1 Qb6 12. Bf3 Rd8 13. Qe2 Ra7 14. e5 dxe5 15.
Bxe5 Rad7 16. Bxb8 Rxd4 17. Qxe7 R8d7 18. Qe2 Rxd1+ 19. Rxd1 b4 20. Na4 Qxb8
21. Bxc6 Rxd1+ 22. Qxd1 Bf5 23. axb4 axb4 24. c4 h6 25. b3 Qf4 26. g3 Qg5 27.
Nb6 h5 28. Nd5 Nxd5 29. Bxd5 h4 30. Qe1 Qg4 31. h3 Qxh3 32. Qe8+ Kh7 33. Bxf7
hxg3 34. Qg8+ Kh6 35. Qh8+ Bh7 36. fxg3 0-1

[Event "Campeonato de Euskadi 2009 - C"]
[Site "Eibar (Gipuzkoa - Spain) "]
[Date "2009.04.18"]
[Round "6.5"]
[White "Idiazabal Troyas, Aritz"]
[Black "Saiz Lopez, Laura"]
[Result "1-0"]
[WhiteElo "1838"]
[BlackElo "1403"]
[PlyCount "25"]
[EventDate "2009.04.18"]

1. e4 d5 2. exd5 Qxd5 3. Nc3 Qa5 4. Bc4 e5 5. Qh5 g6 6. Qf3 f5 7. d3 Bb4 8. Bd2
Nc6 9. Qd5 Nge7 10. Qf7+ Kd8 11. Qg7 Rg8 12. Bxg8 Nd5 13. Rc1 1-0